000 00922nam a2200265Ia 4500
003 OSt
005 20220923211312.0
006 a|||||r|||| 00| 0
007 ta
008 220922b |||||||| |||| 00| 0 hin d
020 _a9788180180873 (hbk)
_c225
024 _a317,513
037 _b81, 15/03/2017, Mallika Books
_cTextual
040 _aARTS
_cARTS
_bhin
041 _2hin
_ahin
082 _aO152,3NASx, Q0
100 _aए. असफल, ले.
_9160205
245 0 _aमै स्त्री हूॅं, मुझे मारो
246 _aMai strī hūॅan, muze māro
260 _aदिल्ली
_b नेशनल पब्लिशिंग हाउस
_c2010
300 _a152पृ.
_ccm.
650 _aहिन्दी कहानी
942 _hO152,3NASx, Q0
_cTEXL
_2CC
999 _c298284
_d298284